| 000 | 00739nam a2200229 a 4500 | ||
|---|---|---|---|
| 999 |
_c509 _d509 |
||
| 008 | 190909r19922001ii a|||gr|||| 001 0 eng d | ||
| 020 |
_a9788185618517 _cRs. 95.00 |
||
| 040 |
_aKO _beng |
||
| 041 | 0 | _aeng | |
| 044 | _aii | ||
| 082 | 0 | 4 |
_223 _a428.24 _bM951 |
| 100 | 1 | _aMurphy, Raymond | |
| 245 | 1 | 0 |
_aIntermediate English Grammar : _bReference and Practice for South Asian Students / _cRaymond Murphy |
| 250 | _a2nd Ed. | ||
| 260 |
_aNew Delhi : _bFoundation Books : _bCambridge University Press, _c1992, reprint 2001 |
||
| 300 |
_ax, 350 p. : _bill. ; _c23 cm. |
||
| 504 | _aIncludes index. | ||
| 650 | 0 |
_aEnglish language _xGrammar _vTextbooks |
|
| 650 | 0 |
_aEnglish language _xStudy and teaching _vTextbooks |
|
| 942 | _cBK | ||